000 00511nam a22001937a 4500
005 20231006115910.0
008 231006b ||||| |||| 00| 0 eng d
020 _a8176652911
040 _aIN-DiNC
_cIN-DiNC
041 _dasm
082 _a891.451
_bBOR
100 _aBorgohain, Homen
_eauthor
245 _aMur hriday ekhon judhakshetra/
_cby Homen Borgohain
250 _a7th ed.
260 _aGuwahati:
_bStudents stores,
_c2017.
300 _a210p.
650 _aAssamese literature
942 _2ddc
_cBK
999 _c11693
_d11693